00910naa a22002057i 4500001000700000003000900007005001700016008004100033040001300074100002500087245029300112500002000405504003100425650001300456650003100469650002200500650001700522700003600539773012900575232281ES-MaBCM20260216130625.0260216s2025 sp ||||| |||| 00| 0 spa d cES-MaBCM1 aLópez Doblas, Juan14a«La pandemia nos ha pasado factura» :bla salud mental de las personas mayores viviendo solas en tiempos de la COVID-19 = «The pandemic has taken its toll on us» : the mental health of older people living alone in times of COVID-19cJuan López Doblas, María del Pilar Díaz Conde aContiene tablas aBibliografía: p. 163-166 7aEpidemia 0aEnfermedad por coronavirus 7aEnfermedad mental 7aTercera edad aDíaz Conde, María del Pilar0 dMadridgN. 192 (oct.-dic. 2025), p. 149-166 - Loc. S.031tREIS revista española de investigaciones sociológicasw104569